000 00478nam a2200181Ia 4500
005 20250317123545.0
008 008 250317s9999 xx 000 0 eng d
037 _aTextbook
040 _aFMSL
_beng
_cFMSL
041 _aeng
_2eng
084 _aX L1
_qFMSL
100 _aMegill R E
_9736601
245 0 _aExploration economics
260 _aEngland
_bEngland, Petisleem
_c1971
300 _a159p
942 _cTB
_hX L1
999 _c1251762
_d1251762